[Event "Figueira da Foz op"]
[Site "Figueira da Foz POR"]
[Date "2008.12.07"]
[Round "9"]
[White "Kovalyov, Anton"]
[Black "Ravi, Lanka"]
[Result "1/2-1/2"]
[WhiteElo "2571"]
[BlackElo "2371"]
[PlyCount "90"]
[GameId "2129405090748640"]
[EventDate "2008.11.30"]
[EventType "swiss"]
[EventRounds "9"]
[EventCountry "POR"]
[SourceTitle "The Week in Chess 736"]
[Source "Mark Crowther"]
[SourceDate "2008.12.15"]
[SourceVersion "1"]
[SourceVersionDate "2008.12.15"]
[SourceQuality "2"]

1. c4 e5 2. Nc3 Nc6 3. g3 g6 4. Bg2 Bg7 5. e4 Nge7 6. Nge2 d6 7. d3 Be6 8. Nd5 a5 9. Be3 Qd7 10. Qd2 O-O 11. h4 h5 12. Rc1 Kh7 13. O-O Nd4 14. Nxd4 exd4 15. Bf4 b6 16. b3 Nc6 17. Rce1 Rab8 18. Qe2 Ne5 19. Bd2 Qd8 20. Nf4 Bd7 21. Rc1 c6 22. Rc2 Bg4 23. f3 Bc8 24. Nh3 Re8 25. Nf2 c5 26. a4 f5 27. f4 Ng4 28. Nxg4 hxg4 29. Rcc1 d5 30. e5 Bb7 31. Rf2 Re6 32. Bh1 Kh6 33. Rh2 Kh5 34. Bg2 Qd7 35. Ra1 Bf8 36. Bh1 Ra8 37. Rf2 Be7 38. Rff1 Bf8 39. Bg2 Ree8 40. Rfe1 Re6 41. Qf1 Bc6 42. Kf2 Rd8 43. Qh1 Be7 44. Rec1 Bf8 45. Re1 Qb7 1/2-1/2

[Event "Olympiad"]
[Site "Dresden GER"]
[Date "2008.11.16"]
[Round "4"]
[White "Kovalyov, Anton"]
[Black "Agopov, Mikael"]
[Result "1/2-1/2"]
[WhiteElo "2571"]
[BlackElo "2449"]
[PlyCount "233"]
[GameId "2129405090977261"]
[EventDate "2008.11.13"]
[EventType "team"]
[EventRounds "11"]
[EventCountry "GER"]
[SourceTitle "The Week in Chess 732"]
[Source "Mark Crowther"]
[SourceDate "2008.11.17"]
[SourceVersion "1"]
[SourceVersionDate "2008.11.17"]
[SourceQuality "2"]

1. Nf3 Nf6 2. c4 c5 3. Nc3 d5 4. cxd5 Nxd5 5. d4 Nxc3 6. bxc3 g6 7. e3 Bg7 8. Bd3 Qa5 9. Bd2 O-O 10. O-O Nc6 11. h3 Rd8 12. Qb3 Qc7 13. Ng5 e6 14. f4 b6 15. Rac1 Bb7 16. Qd1 Qd7 17. Be4 h6 18. Nf3 f5 19. Bc2 Ne7 20. Qe2 Kh7 21. Kh2 Rac8 22. Bd3 Ng8 23. g4 Nf6 24. Ne5 Qe8 25. Rg1 Ne4 26. Nf3 Qe7 27. Be1 Bf6 28. Bg3 Rg8 29. Nd2 Nxd2 30. Qxd2 cxd4 31. cxd4 Qa3 32. d5 Rc3 33. Bb1 Bxd5 34. gxf5 gxf5 35. Bxf5+ exf5 36. Rxc3 Bxc3 37. Qxd5 Qc5 38. Qd3 Bf6 39. Qb3 Rg7 40. Rg2 Qc6 41. Qd3 Qe6 42. Rd2 Rc7 43. a4 Kg6 44. Rg2 Kh7 45. Rd2 a5 46. Qb5 Rc6 47. Qd3 Rc4 48. Qb3 Qc6 49. Rg2 Qe6 50. Qd1 Rb4 51. Be1 Rb3 52. Bf2 Rb2 53. Qf3 Bg7 54. Qb7 Qf6 55. e4 Re2 56. e5 Qf8 57. Qd7 Kh8 58. Qe6 Rb2 59. Qg6 b5 60. axb5 a4 61. Qa6 a3 62. b6 a2 63. b7 Qb4 64. Be3 a1=Q 65. Qxa1 Rxg2+ 66. Kxg2 Qxb7+ 67. Kf2 Qe4 68. Qd1 Kh7 69. Qd7 Qc2+ 70. Bd2 Kg6 71. e6 Qc5+ 72. Kg2 Qd4 73. Qf7+ Kh7 74. Qxf5+ Kh8 75. Be1 Qe3 76. Bf2 Qe2 77. Qd5 Bf6 78. Qa8+ Kh7 79. Qb7+ Kh8 80. Qc8+ Kh7 81. Qd7+ Kg6 82. Qd5 Be7 83. Kg1 Qc2 84. Qg2+ Kh7 85. Qf3 Qg6+ 86. Qg4 h5 87. Qg2 Qxg2+ 88. Kxg2 Kg6 89. Kf3 Kf5 90. Bd4 Kxe6 91. Ke4 Bd8 92. Bc5 Bf6 93. Bf8 Bd8 94. Bh6 Be7 95. Bg5 Bd6 96. Bd8 Bb8 97. f5+ Kf7 98. Bg5 Bc7 99. Bf4 Bd8 100. Bd6 Bg5 101. Be5 Be7 102. Kf4 Bh4 103. Kf3 Bd8 104. Bf4 Kf6 105. Ke4 Kf7 106. Bh6 Be7 107. Kf4 Bf6 108. Bg5 Bc3 109. Kf3 Be1 110. Ke4 Bc3 111. Bd8 Be1 112. Kf3 Bc3 113. Kf4 Bd2+ 114. Ke4 Bc3 115. Bh4 Bd2 116. Ke5 Bc3+ 117. Kd5 1/2-1/2

[Event "Olympiad"]
[Site "Dresden GER"]
[Date "2008.11.22"]
[Round "9"]
[White "Kanep, Meelis"]
[Black "Kovalyov, Anton"]
[Result "1/2-1/2"]
[WhiteElo "2526"]
[BlackElo "2571"]
[PlyCount "82"]
[GameId "2129405091023733"]
[EventDate "2008.11.13"]
[EventType "team"]
[EventRounds "11"]
[EventCountry "GER"]
[SourceTitle "The Week in Chess 733"]
[Source "Mark Crowther"]
[SourceDate "2008.11.24"]
[SourceVersion "1"]
[SourceVersionDate "2008.11.24"]
[SourceQuality "2"]

1. d4 Nf6 2. c4 e6 3. g3 d5 4. Nf3 c6 5. Bg2 Be7 6. O-O O-O 7. Qc2 b6 8. Nbd2 Bb7 9. e4 Na6 10. e5 Nd7 11. a3 c5 12. dxc5 Naxc5 13. cxd5 Bxd5 14. b4 Na6 15. Bb2 Qc8 16. Qd3 Qb7 17. Rfe1 Rfd8 18. Ne4 Nc7 19. Qe3 a5 20. bxa5 bxa5 21. Bd4 Bxe4 22. Qxe4 Qxe4 23. Rxe4 Nd5 24. Re2 Nc5 25. Bxc5 Bxc5 26. Rc2 Rac8 27. Kf1 Nb6 28. Ke2 Bf8 29. Rxc8 Rxc8 30. Nd2 Rc3 31. a4 Nd7 32. f4 Bb4 33. Ra2 Nb6 34. Be4 Kf8 35. Bd3 Nd5 36. Rc2 Ra3 37. Ne4 Ke7 38. Rc8 Ra2+ 39. Kf3 Ra3 40. Ke2 Ra2+ 41. Kf3 Ra3 1/2-1/2

[Event "Olympiad"]
[Site "Dresden GER"]
[Date "2008.11.23"]
[Round "10"]
[White "Danielsen, Henrik"]
[Black "Kovalyov, Anton"]
[Result "1-0"]
[WhiteElo "2492"]
[BlackElo "2571"]
[PlyCount "130"]
[GameId "2129405091032129"]
[EventDate "2008.11.13"]
[EventType "team"]
[EventRounds "11"]
[EventCountry "GER"]
[SourceTitle "The Week in Chess 733"]
[Source "Mark Crowther"]
[SourceDate "2008.11.24"]
[SourceVersion "1"]
[SourceVersionDate "2008.11.24"]
[SourceQuality "2"]

1. e4 c5 2. d3 Nc6 3. g3 g6 4. Bg2 Bg7 5. f4 d6 6. Nf3 Nf6 7. Nc3 O-O 8. O-O Rb8 9. a4 a6 10. h3 b5 11. axb5 axb5 12. Be3 Ne8 13. d4 cxd4 14. Nxd4 Nxd4 15. Bxd4 b4 16. Nd5 Be6 17. Ra7 Bxd5 18. exd5 Bxd4+ 19. Qxd4 Nf6 20. Re1 Re8 21. Kh2 Kf8 22. Ra6 Kg8 23. Re2 Qd7 24. Bf3 Rec8 25. g4 Qd8 26. g5 Ne8 27. Ra4 b3 28. c3 Ng7 29. Bg4 Rc7 30. Qd1 Qf8 31. h4 f5 32. Bf3 Qe8 33. Rd4 Qc8 34. Re3 Kf7 35. h5 Qh8 36. h6 Ne8 37. Ra4 Rcb7 38. Be2 Nc7 39. Bc4 Na8 40. Ra3 Nb6 41. Bb5 Kf8 42. Re2 Nd7 43. Bxd7 Rxd7 44. Rxb3 Rdb7 45. Rxb7 Rxb7 46. Qd3 Kf7 47. Qe3 Rc7 48. Qe6+ Kf8 49. Re1 Qg8 50. Ra1 Qxe6 51. dxe6 Rc8 52. Kg3 Ke8 53. Kf3 Kd8 54. Ke3 d5 55. Ra5 Rc6 56. Rxd5+ Kc8 57. Re5 Kc7 58. Kd4 Rd6+ 59. Kc4 Rd2 60. Rd5 Rf2 61. Rd7+ Kc6 62. Rxe7 Rxf4+ 63. Kd3 Rg4 64. Rxh7 Rxg5 65. Ra7 Kd5 1-0

[Event "ARG-ch"]
[Site "La Plata ARG"]
[Date "2008.08.11"]
[Round "11"]
[White "Alonso, Salvador"]
[Black "Kovalyov, Anton"]
[Result "0-1"]
[WhiteElo "2437"]
[BlackElo "2548"]
[PlyCount "68"]
[GameId "2129405094784542"]
[EventDate "2008.07.30"]
[EventType "tourn"]
[EventRounds "11"]
[EventCountry "ARG"]
[EventCategory "9"]
[SourceTitle "The Week in Chess 718"]
[Source "Mark Crowther"]
[SourceDate "2008.08.11"]
[SourceVersion "1"]
[SourceVersionDate "2008.08.11"]
[SourceQuality "2"]

1. e4 c5 2. Nf3 d6 3. d4 cxd4 4. Nxd4 Nf6 5. Nc3 a6 6. Bg5 e6 7. f4 Qc7 8. Bxf6 gxf6 9. Qf3 b5 10. a3 Nc6 11. O-O-O Nxd4 12. Rxd4 Rb8 13. Be2 Be7 14. Rhd1 h5 15. f5 Qc5 16. Qh3 h4 17. Bg4 e5 18. Rd5 Qb6 19. R5d3 Bb7 20. Nd5 Bxd5 21. Rxd5 Rc8 22. Kb1 Qf2 23. c3 Qf4 24. Bf3 Rg8 25. Ka1 Rc4 26. R1d3 Kf8 27. Ka2 Rg5 28. Rd1 Rg7 29. Re1 Rg5 30. Rd3 Kg8 31. Rde3 d5 32. exd5 Qxf5 33. Qxf5 Rxf5 34. h3 Bd6 0-1

[Event "Benasque op"]
[Site "Benasque ESP"]
[Date "2008.07.07"]
[Round "5.2"]
[White "Kovalyov, Anton"]
[Black "Burmakin, Vladimir"]
[Result "1/2-1/2"]
[WhiteElo "2548"]
[BlackElo "2625"]
[PlyCount "103"]
[GameId "2129405095559568"]
[EventDate "2008.07.03"]
[EventType "swiss"]
[EventRounds "10"]
[EventCountry "ESP"]

1. c4 e6 2. Nc3 d5 3. d4 Be7 4. cxd5 exd5 5. Bf4 c6 6. e3 Bd6 7. Bg3 Ne7 8. Bd3 Bf5 9. Nge2 O-O 10. O-O Bxd3 11. Qxd3 Bxg3 12. Nxg3 Nd7 13. Rac1 Nb6 14. b3 Nbc8 15. f3 f5 16. e4 f4 17. Nge2 Nb6 18. Kh1 Qd7 19. Qd2 Ng6 20. Rce1 Rae8 21. e5 Na8 22. Na4 b6 23. Rc1 Nc7 24. Nb2 Ne6 25. Nd3 Rc8 26. b4 Qe7 27. Rc3 Qh4 28. Rfc1 Ne7 29. b5 c5 30. dxc5 d4 31. Rc4 bxc5 32. Nxc5 Rxc5 33. Rxc5 Nxc5 34. Rxc5 Qf2 35. Rc1 Nf5 36. Qd3 g5 37. Rg1 Qe3 38. Rd1 Qxd3 39. Rxd3 Re8 40. g4 Rxe5 41. gxf5 Rxe2 42. a4 Kf7 43. Rxd4 Kf6 44. h4 Ra2 45. Kg1 Kxf5 46. Rd5+ Kf6 47. Rxg5 Rxa4 48. Kg2 Ra3 49. Rc5 Kg6 50. Rd5 Rb3 51. Rg5+ Kf6 52. Rh5 1/2-1/2

[Event "Benasque op"]
[Site "Benasque ESP"]
[Date "2008.07.10"]
[Round "8.6"]
[White "Camacho Collados, Jose"]
[Black "Kovalyov, Anton"]
[Result "1/2-1/2"]
[WhiteElo "2276"]
[BlackElo "2548"]
[PlyCount "77"]
[GameId "2129405095559596"]
[EventDate "2008.07.03"]
[EventType "swiss"]
[EventRounds "10"]
[EventCountry "ESP"]

1. Nf3 Nf6 2. g3 d5 3. Bg2 c6 4. c4 e6 5. b3 Be7 6. O-O O-O 7. Bb2 b6 8. d3 Bb7 9. Qc2 c5 10. e3 Nc6 11. a3 Qc7 12. cxd5 Nxd5 13. Nbd2 Rac8 14. Rac1 Rfd8 15. Rfd1 Rd7 16. Qb1 Qd8 17. Nc4 b5 18. Nce5 Nxe5 19. Nxe5 Rdc7 20. e4 Nb6 21. d4 cxd4 22. Rxc7 Qxc7 23. Bxd4 Bf6 24. Nf3 e5 25. Bb2 Qe7 26. Qd3 Bc6 27. Rc1 h6 28. h4 Rd8 29. Qe3 Be8 30. Kh2 Qd6 31. Qc5 Qe6 32. Qe3 Qd6 33. Qc5 Qxc5 34. Rxc5 Rd3 35. Rc3 Rd7 36. Rc2 Rd3 37. Rc3 Rd7 38. Rc2 Rd3 39. Bf1 1/2-1/2

[Event "Benasque op"]
[Site "Benasque ESP"]
[Date "2008.07.11"]
[Round "9.7"]
[White "Kovalyov, Anton"]
[Black "Babaev, Rashad"]
[Result "1/2-1/2"]
[WhiteElo "2548"]
[BlackElo "2484"]
[PlyCount "50"]
[GameId "2129405095559605"]
[EventDate "2008.07.03"]
[EventType "swiss"]
[EventRounds "10"]
[EventCountry "ESP"]

1. c4 Nf6 2. Nc3 g6 3. e4 d6 4. d4 Bg7 5. Nf3 O-O 6. Be2 e5 7. Be3 exd4 8. Nxd4 Re8 9. f3 c6 10. Bf2 d5 11. exd5 cxd5 12. O-O Nc6 13. c5 Nh5 14. Qd2 Be5 15. g3 Ng7 16. Ncb5 a6 17. f4 Bf6 18. Nxc6 bxc6 19. Nd4 Qc7 20. b4 Ne6 21. Bf3 a5 22. a3 Ba6 23. Rfe1 Bc4 24. Nxe6 fxe6 25. Bd4 e5 1/2-1/2

[Event "Sort op"]
[Site "Sort ESP"]
[Date "2008.06.24"]
[Round "1"]
[White "Kovalyov, Anton"]
[Black "Accensi Estrada, Miguel Angel"]
[Result "1-0"]
[WhiteElo "2525"]
[BlackElo "2170"]
[PlyCount "105"]
[GameId "2129405095801311"]
[EventDate "2008.06.24"]
[EventType "swiss"]
[EventRounds "10"]
[EventCountry "ESP"]
[SourceTitle "The Week in Chess 713"]
[Source "Mark Crowther"]
[SourceDate "2008.07.08"]
[SourceVersion "1"]
[SourceVersionDate "2008.07.08"]
[SourceQuality "2"]

1. c4 Nf6 2. Nc3 e6 3. e4 d5 4. e5 Nfd7 5. cxd5 exd5 6. d4 Nb6 7. Nf3 Be7 8. Bd3 Bg4 9. O-O Nc6 10. Be3 Qd7 11. Re1 f6 12. h3 Be6 13. exf6 gxf6 14. Nh4 O-O-O 15. Qh5 Kb8 16. Nf5 Bf8 17. Rac1 Nc4 18. Re2 Nd6 19. Nh4 Bxh3 20. Rd2 Bg4 21. Qxd5 Nb4 22. Qb3 Nxd3 23. Rxd3 Nf5 24. Nxf5 Bxf5 25. Rd2 Bd6 26. Qb5 Rhg8 27. Qxd7 Bxd7 28. d5 Rg4 29. f3 Bf4 30. Bxf4 Rxf4 31. Re1 h5 32. Re7 h4 33. Rde2 Kc8 34. Ne4 h3 35. Nc5 b6 36. Ne6 Bxe6 37. dxe6 hxg2 38. Kxg2 Rf5 39. Rc2 Rc5 40. Rxc5 bxc5 41. Kg3 Kb7 42. Rf7 Rd2 43. e7 Re2 44. Kg4 Kc6 45. Kf5 Kd7 46. Kxf6 Re6+ 47. Kg7 c4 48. f4 Re2 49. f5 Rxb2 50. f6 c3 51. Rf8 Re2 52. Rd8+ Kc6 53. Rd3 1-0

[Event "Sort op"]
[Site "Sort ESP"]
[Date "2008.06.26"]
[Round "3"]
[White "Kovalyov, Anton"]
[Black "Piscopo, Pierluigi"]
[Result "1-0"]
[WhiteElo "2525"]
[BlackElo "2379"]
[PlyCount "121"]
[GameId "2129405095801329"]
[EventDate "2008.06.24"]
[EventType "swiss"]
[EventRounds "10"]
[EventCountry "ESP"]
[SourceTitle "The Week in Chess 713"]
[Source "Mark Crowther"]
[SourceDate "2008.07.08"]
[SourceVersion "1"]
[SourceVersionDate "2008.07.08"]
[SourceQuality "2"]

1. c4 Nf6 2. Nc3 e5 3. Nf3 Nc6 4. a3 g6 5. g3 Bg7 6. Bg2 O-O 7. d3 h6 8. O-O d6 9. e4 Be6 10. Nd5 Kh7 11. b3 Qd7 12. Bb2 Ne8 13. Re1 Bg4 14. Ne3 Bh3 15. Bh1 Nf6 16. Qd2 Rae8 17. Nd5 Ng8 18. b4 f5 19. exf5 Bxf5 20. Nh4 Nge7 21. b5 Nd8 22. Nxe7 Rxe7 23. d4 Rfe8 24. Nxf5 gxf5 25. dxe5 Bxe5 26. Bxe5 Rxe5 27. Rxe5 Rxe5 28. Bf3 Qe7 29. Kg2 Ne6 30. Rd1 b6 31. h4 Nc5 32. Qf4 Ne6 33. Qd2 Nc5 34. Qc2 Kg7 35. Rd4 Ne6 36. Rd5 Nc5 37. Qd2 a5 38. bxa6 Nxa6 39. a4 Nc5 40. a5 bxa5 41. Qxa5 Rxd5 42. Bxd5 Ne4 43. Bc6 Nc5 44. Qa8 Ne4 45. Qc8 Kf6 46. Bd5 Ke5 47. f4+ Kd4 48. Qxf5 Nd2 49. Be6 c6 50. Qc2 Qxe6 51. Qxd2+ Kc5 52. Qf2+ Kb4 53. f5 Qf6 54. Qf4 Kc5 55. Qe3+ Kb4 56. Qe6 Qb2+ 57. Kh3 h5 58. Qxd6+ Kxc4 59. Qxc6+ Kd3 60. Qf3+ Kd4 61. f6 1-0

[Event "Sort op"]
[Site "Sort ESP"]
[Date "2008.06.28"]
[Round "6"]
[White "Bruno, Fabio"]
[Black "Kovalyov, Anton"]
[Result "0-1"]
[WhiteElo "2450"]
[BlackElo "2525"]
[PlyCount "124"]
[GameId "2129405095801350"]
[EventDate "2008.06.24"]
[EventType "swiss"]
[EventRounds "10"]
[EventCountry "ESP"]
[SourceTitle "The Week in Chess 713"]
[Source "Mark Crowther"]
[SourceDate "2008.07.08"]
[SourceVersion "1"]
[SourceVersionDate "2008.07.08"]
[SourceQuality "2"]

1. Nf3 Nf6 2. d4 e6 3. c4 b6 4. a3 Ba6 5. Qc2 Bb7 6. Nc3 c5 7. d5 exd5 8. cxd5 Nxd5 9. Bg5 Be7 10. Qe4 Nxc3 11. Qxb7 Nc6 12. Bxe7 Kxe7 13. Qa6 b5 14. bxc3 Rb8 15. a4 Rb6 16. Qxb5 Rxb5 17. axb5 Qb8 18. bxc6 Qb2 19. Rd1 Qxc3+ 20. Nd2 dxc6 21. h4 Rd8 22. Rh3 Qc2 23. Ra3 c4 24. Rxa7+ Kf8 25. Raa1 c3 26. Nc4 Rxd1+ 27. Rxd1 Qb3 28. Ne3 c2 29. Nxc2 Qxc2 30. e3 Qc3+ 31. Rd2 Qc1+ 32. Rd1 Qa3 33. Rd4 Qc1+ 34. Rd1 Qc3+ 35. Rd2 c5 36. Bd3 Qc1+ 37. Ke2 c4 38. Be4 Qc3 39. f4 g6 40. Rc2 Qb3 41. g4 Ke7 42. g5 Kd6 43. Rd2+ Kc5 44. Rd7 Qa2+ 45. Rd2 Qa6 46. Rc2 Kb4 47. Rb2+ Kc3 48. Rd2 Qe6 49. Rd4 Kb2 50. Rd2+ Ka3 51. Rd4 Kb2 52. Bd5 Qg4+ 53. Bf3 Qc8 54. Rd2+ Ka3 55. Be4 c3 56. Rc2 Kb4 57. Rc1 Qg4+ 58. Bf3 Qf5 59. h5 Kb3 60. hxg6 hxg6 61. Kf2 Kb2 62. Re1 c2 0-1

[Event "Sort op"]
[Site "Sort ESP"]
[Date "2008.06.29"]
[Round "7"]
[White "Kovalyov, Anton"]
[Black "Gupta, Abhijeet"]
[Result "0-1"]
[WhiteElo "2525"]
[BlackElo "2521"]
[PlyCount "122"]
[GameId "2129405095801360"]
[EventDate "2008.06.24"]
[EventType "swiss"]
[EventRounds "10"]
[EventCountry "ESP"]
[SourceTitle "The Week in Chess 713"]
[Source "Mark Crowther"]
[SourceDate "2008.07.08"]
[SourceVersion "1"]
[SourceVersionDate "2008.07.08"]
[SourceQuality "2"]

1. c4 e5 2. Nc3 Nf6 3. Nf3 Nc6 4. a3 d5 5. cxd5 Nxd5 6. Qc2 Nxc3 7. dxc3 a5 8. e4 Bd6 9. Bc4 O-O 10. Bg5 Qe8 11. a4 Kh8 12. Nh4 Be7 13. Bxe7 Qxe7 14. Nf3 Bg4 15. Be2 Nd8 16. h3 Bd7 17. O-O f6 18. Nd2 Ne6 19. Nc4 Nf4 20. Ne3 Rfd8 21. Bg4 Bc6 22. Rfd1 g6 23. b3 b6 24. Kh2 Kg7 25. g3 Ne6 26. Nd5 Bxd5 27. exd5 Ng5 28. h4 Nf7 29. Be6 Nd6 30. Qe2 Nb7 31. Bh3 f5 32. Bg2 Nd6 33. Rac1 e4 34. Qe3 Qf6 35. c4 Nb7 36. f3 exf3 37. Bxf3 Re8 38. Qf4 Qd6 39. Qd4+ Re5 40. Re1 Rae8 41. Rc2 Qf6 42. Rxe5 Rxe5 43. Kh3 h6 44. Rf2 Re7 45. Qd1 g5 46. hxg5 hxg5 47. Kg2 Nc5 48. Qc2 Re3 49. Bg4 f4 50. Rf3 Rxf3 51. Bxf3 fxg3 52. Kxg3 Qf4+ 53. Kg2 g4 54. Bd1 Ne4 55. Qe2 Kh6 56. Bc2 Qd2 57. Qxd2+ Nxd2 58. Kf2 Kg5 59. Ke3 g3 60. b4 Nxc4+ 61. Kf3 g2 0-1

[Event "Lodi op"]
[Site "Lodi ITA"]
[Date "2008.06.15"]
[Round "5"]
[White "Corvi, Marco"]
[Black "Kovalyov, Anton"]
[Result "1/2-1/2"]
[WhiteElo "2347"]
[BlackElo "2525"]
[PlyCount "46"]
[GameId "2129405095949480"]
[EventDate "2008.06.13"]
[EventType "swiss"]
[EventRounds "5"]
[EventCountry "ITA"]

1. c4 Nf6 2. Nc3 e5 3. Nf3 Nc6 4. e3 Bb4 5. Qc2 O-O 6. Nd5 Bc5 7. Ng5 g6 8. Nxf6+ Qxf6 9. Ne4 Qe7 10. Nxc5 Qxc5 11. Qc3 d5 12. cxd5 Qxd5 13. b3 Be6 14. Bb2 Rfd8 15. f3 f6 16. Be2 a5 17. Bc4 Qd6 18. Bxe6+ Qxe6 19. Qc4 Kf7 20. Qxe6+ Kxe6 21. Ke2 Rd7 22. Bc3 {unreadable (...86)} Ne7 23. Rhc1 c5 1/2-1/2

[Event "Conegliano op"]
[Site "Conegliano ITA"]
[Date "2008.05.31"]
[Round "1"]
[White "Chierici, Marianna"]
[Black "Kovalyov, Anton"]
[Result "0-1"]
[WhiteElo "2071"]
[BlackElo "2525"]
[PlyCount "118"]
[GameId "2129405096157103"]
[EventDate "2008.05.31"]
[EventType "swiss"]
[EventRounds "6"]
[EventCountry "ITA"]
[SourceTitle "The Week in Chess 714"]
[Source "Mark Crowther"]
[SourceDate "2008.07.14"]
[SourceVersion "1"]
[SourceVersionDate "2008.07.14"]
[SourceQuality "2"]

1. e4 c5 2. c3 Nf6 3. e5 Nd5 4. d4 cxd4 5. Nf3 Nc6 6. cxd4 g6 7. Bc4 Nb6 8. Bb3 Bg7 9. O-O O-O 10. Bf4 d6 11. h3 dxe5 12. dxe5 Bf5 13. Nc3 Na5 14. Ba4 Nac4 15. Qb3 Nxa4 16. Nxa4 Na5 17. Qb4 Nc6 18. Qc3 Rc8 19. Rfd1 Qc7 20. Rac1 Rfd8 21. Rxd8+ Qxd8 22. Qe3 Qa5 23. Nc3 Rd8 24. a3 Rd3 25. Qe2 Qd8 26. Ne1 Rd7 27. Nf3 h6 28. g4 Bd3 29. Qe3 Bc4 30. Re1 Kh7 31. Kg2 a6 32. Nd2 Be6 33. Nf3 Nd4 34. Rd1 Nxf3 35. Qxf3 Rxd1 36. Qxd1 Qb6 37. Qe2 Qb3 38. f3 Bd7 39. Ne4 Bb5 40. Qd2 Qc4 41. Qe3 Qf1+ 42. Kh2 Qb1 43. Qd2 Bc6 44. Nc3 Qf1 45. Qe2 Qxe2+ 46. Nxe2 Bxf3 47. Nd4 Bd5 48. b4 Kg8 49. Kg1 Kf8 50. Kf2 Ke8 51. h4 f6 52. exf6 Bxf6 53. Ne2 Bxh4+ 54. Ke3 Bf6 55. Bxh6 g5 56. Ng3 Kf7 57. Nh5 Bb2 58. a4 Bc6 59. Kd3 Bf6 0-1

[Event "Conegliano op"]
[Site "Conegliano ITA"]
[Date "2008.06.01"]
[Round "2"]
[White "Kovalyov, Anton"]
[Black "De Val, Daniele"]
[Result "1-0"]
[WhiteElo "2525"]
[BlackElo "2209"]
[PlyCount "101"]
[GameId "2129405096157145"]
[EventDate "2008.05.31"]
[EventType "swiss"]
[EventRounds "6"]
[EventCountry "ITA"]
[SourceTitle "The Week in Chess 714"]
[Source "Mark Crowther"]
[SourceDate "2008.07.14"]
[SourceVersion "1"]
[SourceVersionDate "2008.07.14"]
[SourceQuality "2"]

1. c4 Nf6 2. Nc3 g6 3. e4 d6 4. d4 Bg7 5. Nf3 O-O 6. Be2 Bg4 7. Be3 Nfd7 8. Qd2 c5 9. d5 Re8 10. O-O Na6 11. h3 Bxf3 12. Bxf3 Nc7 13. Be2 a6 14. f4 Rb8 15. a4 e6 16. dxe6 Nxe6 17. Bd3 Nd4 18. Qf2 b5 19. axb5 axb5 20. cxb5 Nf5 21. Kh1 Nxe3 22. Qxe3 Nb6 23. Qf3 Re7 24. Ra6 Rd7 25. Rfa1 Bd4 26. Kh2 c4 27. Bf1 d5 28. exd5 Bxc3 29. bxc3 Rxd5 30. Rb1 Qd7 31. Ra5 Rc8 32. Qe3 Rcc5 33. Ra6 Qc7 34. Be2 Rf5 35. g3 g5 36. Kh1 Rf6 37. Bf3 Qc8 38. Bg4 Qc7 39. Ra7 Qxa7 40. Qxc5 Qa8+ 41. Kg1 gxf4 42. Qg5+ Rg6 43. Qxf4 Qa7 44. Qf2 Qc7 45. Kh2 Qe5 46. Rf1 Qd5 47. Bh5 Na4 48. Bxg6 hxg6 49. Qd4 Qe6 50. Rf2 Nb6 51. Qf6 1-0

[Event "Conegliano op"]
[Site "Conegliano ITA"]
[Date "2008.06.01"]
[Round "4"]
[White "Kovalyov, Anton"]
[Black "Kritz, Leonid"]
[Result "0-1"]
[WhiteElo "2525"]
[BlackElo "2609"]
[PlyCount "138"]
[GameId "2129405096153118"]
[EventDate "2008.05.31"]
[EventType "swiss"]
[EventRounds "6"]
[EventCountry "ITA"]
[SourceTitle "The Week in Chess 714"]
[Source "Mark Crowther"]
[SourceDate "2008.07.14"]
[SourceVersion "1"]
[SourceVersionDate "2008.07.14"]
[SourceQuality "2"]

1. c4 e5 2. Nc3 Nf6 3. Nf3 Nc6 4. a3 d5 5. cxd5 Nxd5 6. Qc2 Nxc3 7. bxc3 Bd6 8. g3 Qe7 9. d3 b6 10. Bg2 Bb7 11. O-O Na5 12. a4 O-O 13. Nd2 Bxg2 14. Kxg2 Qe6 15. Qa2 Qd7 16. Kg1 Qc6 17. c4 Rad8 18. Nb3 Nxb3 19. Qxb3 Bc5 20. Ba3 Bxa3 21. Rxa3 e4 22. Qb5 Qe6 23. a5 exd3 24. exd3 Rd6 25. Kg2 Rfd8 26. axb6 axb6 27. Qb1 Qf5 28. Re1 h5 29. Re3 h4 30. gxh4 Rf6 31. Qe1 Rd4 32. f3 Kh7 33. Kh1 Qh5 34. Qg3 Rxh4 35. Qf2 Rhf4 36. Kg2 Rh4 37. Kh1 Rh6 38. Ra2 Rh3 39. Rae2 Qf5 40. f4 R3h4 41. Rf3 Qh5 42. Rfe3 Qg4 43. f5 R4h5 44. Re5 f6 45. Re7 Rxf5 46. Qg2 Rg6 47. Qxg4 Rxg4 48. h3 Rg3 49. Rg2 Rxg2 50. Kxg2 Rc5 51. Kf3 Kg8 52. Ke4 Kf8 53. Rd7 Re5+ 54. Kf3 Re7 55. Rd8+ Kf7 56. d4 Ke6 57. Ke4 Rd7 58. Re8+ Kf7 59. Rc8 Kg6 60. d5 f5+ 61. Kf4 Re7 62. d6 cxd6 63. Rc6 Re4+ 64. Kf3 Rd4 65. Rxb6 Kg5 66. Rb7 g6 67. Rd7 Rd3+ 68. Kg2 Kf4 69. c5 Rg3+ 0-1

[Event "Conegliano op"]
[Site "Conegliano ITA"]
[Date "2008.06.02"]
[Round "5"]
[White "Dgebuadze, Alexandre"]
[Black "Kovalyov, Anton"]
[Result "0-1"]
[WhiteElo "2528"]
[BlackElo "2525"]
[PlyCount "162"]
[GameId "2129405096153136"]
[EventDate "2008.05.31"]
[EventType "swiss"]
[EventRounds "6"]
[EventCountry "ITA"]
[SourceTitle "The Week in Chess 714"]
[Source "Mark Crowther"]
[SourceDate "2008.07.14"]
[SourceVersion "1"]
[SourceVersionDate "2008.07.14"]
[SourceQuality "2"]

1. d4 Nf6 2. Nf3 e6 3. e3 b6 4. Bd3 Bb7 5. Nbd2 c5 6. b3 Be7 7. Bb2 d6 8. c4 cxd4 9. exd4 Nbd7 10. O-O O-O 11. Re1 Re8 12. a3 Bf8 13. Rc1 g6 14. Rc2 Bg7 15. Ng5 Rc8 16. Nde4 Nxe4 17. Nxe4 Nf6 18. Nxf6+ Bxf6 19. Qa1 Bg7 20. Be4 Bxe4 21. Rxe4 d5 22. Ree2 dxc4 23. bxc4 Re7 24. h3 Rec7 25. d5 Bxb2 26. Qxb2 exd5 27. cxd5 Rxc2 28. Rxc2 Rxc2 29. Qxc2 Qxd5 30. Qc7 Qd1+ 31. Kh2 Qd4 32. Qxa7 Qxf2 33. Qb8+ Kg7 34. Qe5+ Qf6 35. Qb5 Qf4+ 36. Kh1 Qc1+ 37. Kh2 Qc7+ 38. Kh1 h5 39. a4 Kf6 40. Qb2+ Ke6 41. Qb3+ Ke7 42. Qe3+ Kd7 43. Qd3+ Kc8 44. Qe4 Kd8 45. Qa8+ Ke7 46. Qe4+ Kf8 47. Qb4+ Kg7 48. Qd4+ Kg8 49. Qb4 Qa7 50. Qd4 Qc7 51. Qb4 Kg7 52. Qd4+ f6 53. Qb4 g5 54. Qb5 Qc1+ 55. Kh2 Qf4+ 56. Kh1 Qd4 57. Qc6 g4 58. hxg4 hxg4 59. g3 Kh6 60. Kg2 Kg5 61. Qc1+ Kf5 62. Qc8+ Ke5 63. Qe8+ Kd6 64. Qf8+ Kd5 65. Qf7+ Kc5 66. Qe7+ Kc4 67. Qe2+ Kc3 68. Qa6 Qd2+ 69. Kg1 Qe3+ 70. Kg2 Qe4+ 71. Kh2 Qc2+ 72. Kg1 Qd1+ 73. Kh2 Qd2+ 74. Kh1 Qd5+ 75. Kh2 Qh5+ 76. Kg1 Qc5+ 77. Kg2 Kd2 78. Qa8 Ke3 79. Qe8+ Qe5 80. Qc8 Qe4+ 81. Kh2 Kf2 0-1

[Event "Conegliano op"]
[Site "Conegliano ITA"]
[Date "2008.06.02"]
[Round "6"]
[White "Kovalyov, Anton"]
[Black "Naumkin, Igor"]
[Result "1/2-1/2"]
[WhiteElo "2525"]
[BlackElo "2494"]
[PlyCount "45"]
[GameId "2129405096153178"]
[EventDate "2008.05.31"]
[EventType "swiss"]
[EventRounds "6"]
[EventCountry "ITA"]
[SourceTitle "The Week in Chess 714"]
[Source "Mark Crowther"]
[SourceDate "2008.07.14"]
[SourceVersion "1"]
[SourceVersionDate "2008.07.14"]
[SourceQuality "2"]

1. c4 e5 2. Nc3 Nf6 3. Nf3 Nc6 4. a3 d5 5. cxd5 Nxd5 6. Qc2 Be7 7. e3 Nb6 8. Bb5 O-O 9. O-O Bd6 10. Be2 f5 11. d3 a5 12. b3 Kh8 13. Bb2 Qf6 14. Nb5 Nd5 15. Rfc1 Be6 16. Nd2 Qh6 17. Nxd6 cxd6 18. Qd1 Rad8 19. Nc4 f4 20. e4 Nde7 21. Bc3 d5 22. Nd2 Ng6 23. Bg4 1/2-1/2